| 000 | 00894nam a22002177a 4500 | ||
|---|---|---|---|
| 001 | EIF-III-1998-M4-012 | ||
| 003 | OSt | ||
| 005 | 20221105222244.0 | ||
| 008 | 221105b |||||||| |||| 00| 0 eng d | ||
| 040 |
_aFundación Jesús Pereda _cFundación Jesús Pereda |
||
| 041 | _aCastellano | ||
| 100 |
_aRuiz Romero, Manuel _9264 |
||
| 111 |
_aEncuentro de Investigadores del Franquismo _c(Sevilla. _d1998. _n3º) _994 |
||
| 245 |
_aLa transición de Andalucía. _bFuentes, estado de la cuestión e hipótesis cronológica _c/Manuel Ruiz Romero |
||
| 650 | 0 |
_9202 _aEstudio sociopolítico |
|
| 650 | 0 |
_990 _aFuentes para la investigación histórica |
|
| 651 | 0 |
_9207 _aAndalucía |
|
| 773 |
_tActas del III Encuentro de Investigadores del Franquismo _g468-475 p. |
||
| 856 | _uhttps://bibliotecaccoocyl.fundacionjesuspereda.es/cgi-bin/koha/opac-retrieve-file.pl?id=a10d7c599b8b12fecf36741e70aa998a | ||
| 942 |
_2ddc _cCF _n0 |
||
| 999 |
_c103 _d103 |
||